000 00446pab a2200169 454500
008 180718b1962 xxu||||| |||| 00| 0 eng d
100 _aMaheshwari, B.
245 _aIncome pattern of Panchayat samitis in Rajasthan
260 _c1962
300 _ap.564-576.
362 _aOct-Dec
650 _aPanchayat - India - Rajasthan
650 _aPanchayat
773 _aIndian Journal of Public Administration
908 _aN
909 _a100444
999 _c100443
_d100443